Statistics for M Quiz

Click here to take the quiz!

General Stats

  • This quiz has been taken 23 times
  • The average score is 9 of 15

Answer Stats

Answer% Correct
Madonna
91%
Monopoly
82%
Martin
77%
Marx
73%
Mexico
73%
Mussolini
68%
Manatee
68%
Massachusetts
64%
Manhattan
64%
Milan
41%
Mercury
41%
Mozart
36%
Madagascar
32%
Myanmar
27%
Monaco
14%

Score Distribution

Percentile by Number Answered

Percent of People with Each Score

Your Score History

You have not taken this quiz